[Event "MCR_KT24"]
[Site "?"]
[Date "2006.??.??"]
[Round "?"]
[White "Vins, Karel"]
[Black "Zachoval, Milan"]
[Result "1/2-1/2"]
[WhiteElo "1684"]
[BlackElo "1600"]
[PlyCount "22"]
[EventDate "2006.??.??"]
[EventType "corr"]
[SourceDate "2006.08.10"]

1. e4 e5 2. Nf3 Nc6 3. Bb5 a6 4. Ba4 Nf6 5. Qe2 b5 6. Bb3 Be7 7. c3 d6 8. O-O
Bg4 9. h3 Bxf3 10. Qxf3 Na5 11. Bc2 c5 1/2-1/2

[Event "MCR_KT24"]
[Site "?"]
[Date "2006.??.??"]
[Round "?"]
[White "Zachoval, Milan"]
[Black "Vins, Karel"]
[Result "1/2-1/2"]
[WhiteElo "1600"]
[BlackElo "1684"]
[PlyCount "27"]
[EventDate "2006.??.??"]
[EventType "corr"]
[SourceDate "2006.08.10"]

1. e4 c5 2. Nf3 d6 3. d4 cxd4 4. Nxd4 Nf6 5. Nc3 a6 6. Bg5 e6 7. f4 Be7 8. Qf3
Qc7 9. O-O-O h6 10. Bxf6 Bxf6 11. g4 g5 12. f5 Bxd4 13. Rxd4 e5 14. Rd1 1/2-1/2

[Event "MCR_KT24"]
[Site "?"]
[Date "2006.??.??"]
[Round "?"]
[White "Zachoval, Milan"]
[Black "Krizek, Alex"]
[Result "1/2-1/2"]
[WhiteElo "1600"]
[BlackElo "1600"]
[PlyCount "23"]
[EventDate "2006.??.??"]
[EventType "corr"]
[SourceDate "2006.08.10"]

1. e4 c5 2. Nf3 e6 3. d4 cxd4 4. Nxd4 a6 5. Bd3 Bc5 6. Nb3 Bb6 7. Qe2 Ne7 8.
Be3 Bxe3 9. Qxe3 O-O 10. O-O Nbc6 11. c4 d5 12. cxd5 1/2-1/2

[Event "MCR_KT24"]
[Site "?"]
[Date "2006.??.??"]
[Round "?"]
[White "Krizek, Alex"]
[Black "Zachoval, Milan"]
[Result "1/2-1/2"]
[WhiteElo "1600"]
[BlackElo "1600"]
[PlyCount "28"]
[EventDate "2006.??.??"]
[EventType "corr"]
[SourceDate "2006.08.10"]

1. c4 Nf6 2. Nc3 c5 3. Nf3 Nc6 4. g3 g6 5. Bg2 Bg7 6. O-O O-O 7. d3 e5 8. Bg5
d6 9. Qb3 Rb8 10. Nd5 Be6 11. Nxf6+ Bxf6 12. Bh6 Bg7 13. Bxg7 Kxg7 14. e3 b5
1/2-1/2

[Event "MCR_KT24"]
[Site "?"]
[Date "2006.??.??"]
[Round "?"]
[White "Martin, Petr"]
[Black "Krizek, Alex"]
[Result "1/2-1/2"]
[WhiteElo "1993"]
[BlackElo "1600"]
[PlyCount "36"]
[EventDate "2006.??.??"]
[EventType "corr"]
[SourceDate "2006.08.10"]

1. c4 c5 2. Nc3 Nc6 3. Nf3 Nf6 4. e3 e6 5. d4 cxd4 6. exd4 Bb4 7. Bd2 O-O 8. a3
Bxc3 9. Bxc3 d5 10. Ne5 Ne4 11. Nxc6 bxc6 12. Bd3 Nxc3 13. bxc3 Ba6 14. Qe2 Qa5
15. Qc2 g6 16. c5 Bxd3 17. Qxd3 Rab8 18. Qc2 Rb7 1/2-1/2

[Event "MCR_KT24"]
[Site "?"]
[Date "2006.??.??"]
[Round "?"]
[White "Krizek, Alex"]
[Black "Martin, Petr"]
[Result "1-0"]
[WhiteElo "1600"]
[BlackElo "1793"]
[PlyCount "29"]
[EventDate "2006.??.??"]
[EventType "corr"]
[SourceDate "2006.08.10"]

1. e4 d6 2. d4 Nf6 3. Nc3 g6 4. h3 Nbd7 5. Nf3 Bg7 6. e5 dxe5 7. dxe5 Ng8 8. e6
fxe6 9. Ng5 Ne5 10. Qxd8+ Kxd8 11. Bf4 Nh6 12. O-O-O+ Bd7 13. Nxe6+ Kc8 14.
Nxg7 Nhf7 15. Re1 1-0

[Event "MCR_KT24"]
[Site "?"]
[Date "2006.??.??"]
[Round "?"]
[White "Krizek, Alex"]
[Black "Vins, Karel"]
[Result "1-0"]
[WhiteElo "1600"]
[BlackElo "1684"]
[PlyCount "45"]
[EventDate "2006.??.??"]
[EventType "corr"]
[SourceDate "2006.08.10"]

1. e4 e5 2. Nf3 Nc6 3. Bb5 a6 4. Ba4 d6 5. c3 b5 6. Bb3 Be7 7. d4 Nf6 8. Be3
O-O 9. O-O Na5 10. dxe5 Nxe4 11. Bd5 Bb7 12. Bxb7 Nxb7 13. Qd5 Nec5 14. b4 Qc8
15. exd6 cxd6 16. bxc5 dxc5 17. Nbd2 b4 18. cxb4 cxb4 19. Rac1 Qb8 20. Qd7 Bf6
21. Rc7 Nd8 22. Ne4 Be5 23. Nxe5 1-0

[Event "MCR_KT24"]
[Site "?"]
[Date "2006.??.??"]
[Round "?"]
[White "Benes, Jiri"]
[Black "Vins, Karel"]
[Result "1-0"]
[WhiteElo "1720"]
[BlackElo "1684"]
[PlyCount "33"]
[EventDate "2006.??.??"]
[EventType "corr"]
[SourceDate "2006.08.10"]

1. c4 e5 2. Nc3 Nf6 3. Nf3 Nc6 4. g3 d5 5. cxd5 Nxd5 6. Bg2 Nxc3 7. bxc3 e4 8.
Ng1 f5 9. d3 exd3 10. exd3 Qf6 11. Ne2 Bd7 12. Be3 a6 13. Rb1 Rb8 14. O-O Nd8
15. Re1 b6 16. Nf4 Bd6 17. Bd4+ 1-0

[Event "MCR_KT24"]
[Site "?"]
[Date "2006.??.??"]
[Round "?"]
[White "Vins, Karel"]
[Black "Benes, Jiri"]
[Result "0-1"]
[WhiteElo "1684"]
[BlackElo "1720"]
[PlyCount "34"]
[EventDate "2006.??.??"]
[EventType "corr"]
[SourceDate "2006.08.10"]

1. e4 Nf6 2. e5 Nd5 3. c4 Nb6 4. d4 d6 5. Nf3 Bg4 6. b3 dxe5 7. dxe5 Qxd1+ 8.
Kxd1 Nc6 9. Bf4 O-O-O+ 10. Nbd2 Bxf3+ 11. gxf3 e6 12. Ke1 Bb4 13. Rd1 h6 14. h4
Nd7 15. Be2 Ndxe5 16. Bxe5 Nxe5 17. Rh3 Rxd2 0-1

[Event "MCR_KT24"]
[Site "?"]
[Date "2006.??.??"]
[Round "?"]
[White "Martin, Petr"]
[Black "Benes, Jiri"]
[Result "0-1"]
[WhiteElo "1793"]
[BlackElo "1720"]
[PlyCount "26"]
[EventDate "2006.??.??"]
[EventType "corr"]
[SourceDate "2006.08.10"]

1. c4 f5 2. d4 e6 3. Nc3 Nf6 4. Qc2 Bb4 5. f3 Nc6 6. d5 exd5 7. cxd5 Nxd5 8.
Bd2 Nxc3 9. Qxf5 Na4 10. O-O-O Bxd2+ 11. Rxd2 Qh4 12. g4 Qe1+ 13. Rd1 Qb4 0-1

[Event "MCR_KT24"]
[Site "?"]
[Date "2006.??.??"]
[Round "?"]
[White "Latal, Frantisek"]
[Black "Benes, Jiri"]
[Result "1/2-1/2"]
[WhiteElo "2080"]
[BlackElo "1720"]
[PlyCount "61"]
[EventDate "2006.??.??"]
[EventType "corr"]
[SourceDate "2006.08.10"]

1. Nf3 d5 2. g3 Nc6 3. d4 Bf5 4. Bg2 e6 5. O-O Bd6 6. c4 dxc4 7. Nbd2 Nf6 8.
Nh4 Bg4 9. Nxc4 O-O 10. Bg5 h6 11. Bxf6 Qxf6 12. h3 Bh5 13. Bxc6 bxc6 14. Ng2
Rfd8 15. Rc1 Rab8 16. a3 Bc5 17. Nf4 Bxd4 18. Nxh5 Qg5 19. h4 Qxh5 20. e3 Qxd1
21. Rfxd1 Bf6 22. e4 Bd4 23. Kg2 c5 24. Rc2 e5 25. f3 f6 26. Rd3 Rb5 27. a4 Rb4
28. b3 Rdb8 29. Na5 R4b6 30. h5 Kf7 31. g4 1/2-1/2

[Event "MCR_KT24"]
[Site "?"]
[Date "2006.??.??"]
[Round "?"]
[White "Latal, Frantisek"]
[Black "Martin, Petr"]
[Result "1-0"]
[WhiteElo "2080"]
[BlackElo "1793"]
[PlyCount "71"]
[EventDate "2006.??.??"]
[EventType "corr"]
[SourceDate "2006.08.10"]

1. Nf3 Nf6 2. g3 g6 3. Bg2 Bg7 4. O-O O-O 5. d4 d6 6. c4 Nbd7 7. Nc3 e5 8. dxe5
dxe5 9. Qc2 c6 10. Rd1 Qc7 11. b3 Nc5 12. Ba3 Bf5 13. Qb2 Nfd7 14. e4 Bg4 15.
h3 Be6 16. Ng5 Rfe8 17. Nd5 cxd5 18. cxd5 Bxd5 19. Rxd5 h6 20. Nxf7 Kxf7 21.
Rc1 Bf8 22. b4 b6 23. bxc5 bxc5 24. Qb3 Kg7 25. Qb5 Nf6 26. Rdd1 Rab8 27. Bxc5
Rxb5 28. Bxf8+ Kxf8 29. Rxc7 Ra5 30. Rd6 Ng8 31. Bf1 Re7 32. Rd8+ Re8 33. Rxe8+
Kxe8 34. Rc8+ Ke7 35. Rxg8 g5 36. Bc4 1-0

[Event "MCR_KT24"]
[Site "?"]
[Date "2006.??.??"]
[Round "?"]
[White "Zachoval, Milan"]
[Black "Latal, Frantisek"]
[Result "0-1"]
[WhiteElo "1600"]
[BlackElo "2080"]
[PlyCount "100"]
[EventDate "2006.??.??"]
[EventType "corr"]
[SourceDate "2006.08.10"]

1. e4 e5 2. Nf3 Nc6 3. Bb5 a6 4. Ba4 Nf6 5. O-O Be7 6. Re1 b5 7. Bb3 O-O 8. c3
d5 9. exd5 Nxd5 10. Nxe5 Nxe5 11. Rxe5 c6 12. d4 Bd6 13. Re1 Qh4 14. g3 Qh3 15.
Be3 Bg4 16. Qd3 Rae8 17. Nd2 Re6 18. a4 f5 19. Qf1 Qh5 20. f4 bxa4 21. Rxa4 Rb8
22. Bxd5 cxd5 23. b4 Qe8 24. Bf2 Rxe1 25. Qxe1 Qxa4 26. Qe6+ Kh8 27. Qxd6 Qa1+
28. Kg2 Rc8 29. c4 Qa2 30. Qe6 Rd8 31. Be3 dxc4 32. Qxc4 Qa3 33. Bf2 Rb8 34. h3
Bd1 35. d5 Qxb4 36. Qxb4 Rxb4 37. d6 Ba4 38. Be3 Kg8 39. Kf2 Kf7 40. Ke2 Ke6
41. Bc5 Rb5 42. Bd4 g6 43. Be5 Rd5 44. Nf3 Bd1+ 45. Ke3 Bxf3 46. Kxf3 h5 47. g4
fxg4+ 48. hxg4 hxg4+ 49. Kxg4 Rxe5 50. fxe5 a5 0-1

[Event "MCR_KT24"]
[Site "?"]
[Date "2006.??.??"]
[Round "?"]
[White "Martin, Petr"]
[Black "Latal, Frantisek"]
[Result "0-1"]
[WhiteElo "1793"]
[BlackElo "2080"]
[PlyCount "88"]
[EventDate "2006.??.??"]
[EventType "corr"]
[SourceDate "2006.08.10"]

1. c4 e6 2. Nc3 Nf6 3. e4 d5 4. e5 d4 5. exf6 dxc3 6. dxc3 Qxd1+ 7. Kxd1 gxf6
8. Be3 e5 9. Bd3 Na6 10. b4 Rg8 11. g3 f5 12. Bc2 Be6 13. c5 O-O-O+ 14. Ke1 Bg7
15. Ne2 e4 16. Nd4 Bxd4 17. cxd4 Nxb4 18. Kd2 b6 19. cxb6 axb6 20. a3 Nxc2 21.
Kxc2 Rd5 22. Rhb1 Kb7 23. a4 Ra8 24. Rb4 Bd7 25. Bf4 Rda5 26. Kb3 Bc6 27. Rc1
Bd5+ 28. Kb2 c6 29. Re1 Rxa4 30. Rxa4 Rxa4 31. Be3 Ra2+ 32. Kc3 b5 33. Rb1 Kb6
34. Rb2 Ra3+ 35. Kc2 Ra4 36. Kd2 b4 37. Kc2 Kb5 38. h4 h5 39. Bd2 Kc4 40. Be1
Ra2 41. Rxa2 b3+ 42. Kb2 bxa2 43. Kxa2 Kd3+ 44. Kb2 Ke2 0-1

[Event "MCR_KT24"]
[Site "?"]
[Date "2006.??.??"]
[Round "?"]
[White "Latal, Frantisek"]
[Black "Vins, Karel"]
[Result "1-0"]
[WhiteElo "2080"]
[BlackElo "1684"]
[PlyCount "77"]
[EventDate "2006.??.??"]
[EventType "corr"]
[SourceDate "2006.08.10"]

1. Nf3 d5 2. g3 g6 3. Bg2 Bg7 4. d4 Nf6 5. O-O O-O 6. Bf4 Bf5 7. Nbd2 c6 8. c4
Nbd7 9. Qb3 Qb6 10. Qa3 Rfe8 11. e3 e6 12. Nh4 h6 13. Nxf5 gxf5 14. Rad1 Rac8
15. b3 a6 16. Bd6 Bf8 17. Bxf8 Nxf8 18. Nf3 Ng6 19. Ne1 Qd8 20. Nd3 Qe7 21. Qa5
Qc7 22. Qb4 a5 23. Qe1 b6 24. c5 b5 25. a3 Kg7 26. f3 Rh8 27. Rd2 Rcf8 28. Rff2
h5 29. Bf1 Ne8 30. a4 b4 31. Rg2 Kf6 32. e4 fxe4 33. fxe4 dxe4 34. Qxe4 Ke7 35.
Ne5 Nxe5 36. dxe5 Ng7 37. Rd6 Nf5 38. Rgd2 Rd8 39. Bh3 1-0

[Event "MCR_KT24"]
[Site "?"]
[Date "2006.??.??"]
[Round "?"]
[White "Vins, Karel"]
[Black "Latal, Frantisek"]
[Result "0-1"]
[WhiteElo "1684"]
[BlackElo "2080"]
[PlyCount "94"]
[EventDate "2006.??.??"]
[EventType "corr"]
[SourceDate "2006.08.10"]

1. e4 e5 2. Nf3 Nc6 3. Bb5 f5 4. exf5 e4 5. Qe2 Qe7 6. Bxc6 dxc6 7. Nd4 Qe5 8.
Nb3 Bxf5 9. d4 Qe6 10. h3 O-O-O 11. Be3 Qg6 12. g4 Be6 13. N1d2 h5 14. gxh5
Rxh5 15. O-O-O Nf6 16. Rdg1 Qf5 17. h4 Kb8 18. Rg5 Rxg5 19. hxg5 Ng4 20. Re1
Be7 21. f4 Bd6 22. c3 Rf8 23. Rf1 Bxb3 24. axb3 Nxe3 25. Qxe3 Bxf4 26. Rxf4
Qxf4 27. Qxe4 Qxg5 28. Kc2 Qf5 29. Kd3 g5 30. Qxf5 Rxf5 31. Ke3 Kc8 32. Ne4 Kd7
33. Nf2 Ke6 34. Ke2 c5 35. dxc5 Rxc5 36. Ng4 Rb5 37. b4 a5 38. bxa5 Rxb2+ 39.
Kd3 Rg2 40. Nh6 Rg3+ 41. Kd2 Rh3 42. Ng4 Kf5 43. Nf2 Rh2 44. Ke3 Rxf2 45. Kxf2
Kf4 46. c4 Ke4 47. c5 c6 0-1

[Event "MCR_KT24"]
[Site "?"]
[Date "2006.??.??"]
[Round "?"]
[White "Krizek, Alex"]
[Black "Latal, Frantisek"]
[Result "1/2-1/2"]
[WhiteElo "1600"]
[BlackElo "2080"]
[PlyCount "62"]
[EventDate "2006.??.??"]
[EventType "corr"]
[SourceDate "2006.08.10"]

1. c4 e6 2. d4 Nf6 3. Nc3 Bb4 4. Bd2 O-O 5. e3 d5 6. Nf3 b6 7. cxd5 exd5 8. Qc2
c6 9. Bd3 Bd6 10. O-O Ba6 11. Bxa6 Nxa6 12. a3 c5 13. b3 Rc8 14. Qf5 g6 15. Qd3
Nc7 16. h3 Ne6 17. Nb5 Bb8 18. Rfc1 a6 19. Nc3 c4 20. bxc4 dxc4 21. Qb1 Re8 22.
a4 Qd6 23. Ra2 Nd5 24. Nxd5 Qxd5 25. Rb2 Bc7 26. Rb4 Ng7 27. Kf1 Bd8 28. Qc2 b5
29. axb5 axb5 30. Qb1 c3 31. Bxc3 Rb8 1/2-1/2

[Event "MCR_KT24"]
[Site "?"]
[Date "2006.??.??"]
[Round "?"]
[White "Latal, Frantisek"]
[Black "Krizek, Alex"]
[Result "1/2-1/2"]
[WhiteElo "2080"]
[BlackElo "1600"]
[PlyCount "61"]
[EventDate "2006.??.??"]
[EventType "corr"]
[SourceDate "2006.08.10"]

1. Nf3 Nf6 2. g3 d5 3. Bg2 c5 4. d4 Nc6 5. c3 e6 6. O-O Bd6 7. Na3 cxd4 8. cxd4
Bxa3 9. bxa3 Ne4 10. Bf4 O-O 11. Rc1 Bd7 12. h4 Rc8 13. Nd2 f5 14. Nf3 Qe7 15.
Qd3 h6 16. Rfd1 Nf6 17. Re1 Nh5 18. Be5 f4 19. g4 Nf6 20. Bxf6 Qxf6 21. Rf1 Be8
22. Qb3 Rc7 23. Qa4 Bg6 24. Ne5 Rfc8 25. h5 Be8 26. Nxc6 bxc6 27. Rc5 Qg5 28.
f3 Rb8 29. Qc2 Rcb7 30. Rc1 Rb2 31. Qd3 1/2-1/2

[Event "MCR_KT24"]
[Site "?"]
[Date "2006.??.??"]
[Round "?"]
[White "Vins, Karel"]
[Black "Krizek, Alex"]
[Result "0-1"]
[WhiteElo "1684"]
[BlackElo "1600"]
[PlyCount "72"]
[EventDate "2006.??.??"]
[EventType "corr"]
[SourceDate "2006.08.10"]

1. e4 c5 2. Nf3 e6 3. d4 cxd4 4. Nxd4 a6 5. Nc3 Nc6 6. Nf3 Bb4 7. Bd2 Nf6 8.
Bd3 d6 9. Qe2 O-O 10. O-O Qc7 11. a3 Bc5 12. b4 Nd4 13. Nxd4 Bxd4 14. Qe1 Bd7
15. Rc1 Rac8 16. Nb1 Bb2 17. Rd1 Ba4 18. c3 d5 19. e5 Nd7 20. f4 h6 21. h4 Qd8
22. g3 a5 23. Qf2 Bxd1 24. Rxd1 axb4 25. axb4 Ba1 26. Be1 Qb6 27. Qxb6 Nxb6 28.
Na3 Bxc3 29. Nb1 Bxe1 30. Rxe1 Rc7 31. Kf2 Ra8 32. Re2 Rc1 33. Nd2 Rc3 34. Re3
d4 35. Rf3 Ra2 36. Ke2 Nd5 0-1

[Event "MCR_KT24"]
[Site "?"]
[Date "2006.??.??"]
[Round "?"]
[White "Martin, Petr"]
[Black "Zachoval, Milan"]
[Result "1-0"]
[WhiteElo "1793"]
[BlackElo "1600"]
[PlyCount "58"]
[EventDate "2006.??.??"]
[EventType "corr"]
[SourceDate "2006.08.10"]

1. c4 c5 2. Nc3 Nc6 3. Nf3 Nf6 4. e3 e6 5. d4 cxd4 6. exd4 d5 7. cxd5 Nxd5 8.
Bb5 Nxc3 9. bxc3 Bd7 10. O-O a6 11. Bd3 g6 12. Ng5 Be7 13. f4 O-O 14. h4 h6 15.
h5 Kg7 16. hxg6 fxg6 17. Ne4 Bf6 18. Nc5 Bc8 19. Qg4 Bxd4+ 20. cxd4 Qxd4+ 21.
Rf2 Rf6 22. Bb2 Qxc5 23. Bxf6+ Kxf6 24. Qxg6+ Ke7 25. f5 exf5 26. Re1+ Kd8 27.
Qf7 Bd7 28. Qg8+ Kc7 29. Qxa8 Qxf2+ 1-0

[Event "MCR_KT24"]
[Site "?"]
[Date "2006.??.??"]
[Round "?"]
[White "Zachoval, Milan"]
[Black "Martin, Petr"]
[Result "0-1"]
[WhiteElo "1600"]
[BlackElo "1793"]
[PlyCount "64"]
[EventDate "2006.??.??"]
[EventType "corr"]
[SourceDate "2006.08.10"]

1. e4 d6 2. d4 Nf6 3. Nc3 g6 4. Nf3 Bg7 5. Be2 O-O 6. O-O Nbd7 7. h3 e5 8. d5
Ne8 9. Bg5 f6 10. Bh4 g5 11. Bg3 Nc5 12. Nd2 f5 13. f3 f4 14. Bf2 h5 15. g4
fxg3 16. Bxg3 Bxh3 17. Re1 Nf6 18. Bf1 Qd7 19. Kh2 Bxf1 20. Rxf1 h4 21. Bf2 Nh5
22. Ne2 g4 23. Bxh4 gxf3 24. Nxf3 Qg4 25. Nc3 Rf7 26. Qe2 Nf4 27. Qf2 Raf8 28.
Qg3 Qxg3+ 29. Kxg3 Bh6 30. Nh2 Kh7 31. Rf3 Rg7+ 32. Kf2 Rg2+ 0-1

[Event "MCR_KT24"]
[Site "?"]
[Date "2006.??.??"]
[Round "?"]
[White "Benes, Jiri"]
[Black "Zachoval, Milan"]
[Result "1-0"]
[WhiteElo "1720"]
[BlackElo "1600"]
[PlyCount "53"]
[EventDate "2006.??.??"]
[EventType "corr"]
[SourceDate "2006.08.10"]

1. c4 Nf6 2. d4 g6 3. Nc3 d5 4. Nf3 Bg7 5. Bf4 O-O 6. e3 c6 7. Qb3 e6 8. O-O-O
Ne4 9. Nxe4 dxe4 10. Ng5 f5 11. c5 Re8 12. Bc4 Qe7 13. h4 h5 14. Bd6 Qf6 15. f3
exf3 16. gxf3 Bh6 17. Rdg1 Bxg5 18. Rxg5 Kh7 19. Rhg1 Rg8 20. e4 fxe4 21. fxe4
Qxd4 22. Bxe6 Bxe6 23. Qxe6 Qe3+ 24. Kb1 Qd3+ 25. Ka1 Na6 26. Qf7+ Rg7 27.
Rxh5+ 1-0

[Event "MCR_KT24"]
[Site "?"]
[Date "2006.??.??"]
[Round "?"]
[White "Krizek, Alex"]
[Black "Benes, Jiri"]
[Result "0-1"]
[WhiteElo "1600"]
[BlackElo "1720"]
[PlyCount "54"]
[EventDate "2006.??.??"]
[EventType "corr"]
[SourceDate "2006.08.10"]

1. e4 g6 2. d4 Bg7 3. c3 d5 4. e5 c5 5. Be3 Nc6 6. Nf3 Qb6 7. b3 cxd4 8. cxd4
Nh6 9. Nc3 Bg4 10. Bb5 O-O 11. O-O Nf5 12. Be2 Bxf3 13. Bxf3 Nfxd4 14. Bxd4
Qxd4 15. Qxd4 Nxd4 16. Bxd5 Rac8 17. Bc4 Bxe5 18. Nd5 Nc6 19. Rfe1 e6 20. Ne7+
Nxe7 21. Rxe5 Rfd8 22. Rae1 Nf5 23. h3 Kg7 24. Kf1 h6 25. a4 Kf6 26. R5e4 g5
27. Be2 Rc3 0-1

[Event "MCR_KT24"]
[Site "?"]
[Date "2006.??.??"]
[Round "?"]
[White "Benes, Jiri"]
[Black "Krizek, Alex"]
[Result "1-0"]
[WhiteElo "1720"]
[BlackElo "1600"]
[PlyCount "51"]
[EventDate "2006.??.??"]
[EventType "corr"]
[SourceDate "2006.08.10"]

1. c4 e5 2. Nc3 Nf6 3. Nf3 Nc6 4. g3 Bb4 5. Bg2 O-O 6. O-O Re8 7. d3 Bxc3 8.
bxc3 d6 9. Rb1 h6 10. e4 b6 11. Re1 Be6 12. Qa4 Bd7 13. h3 Nd4 14. Qd1 Nxf3+
15. Qxf3 Be6 16. Kh2 Kh7 17. Qe2 Qd7 18. f4 Qc8 19. g4 Qa6 20. g5 hxg5 21. f5
Bd7 22. Bxg5 Rh8 23. Rg1 Ne8 24. f6 g6 25. h4 Kg8 26. Bf3 1-0

[Event "MCR_KT24"]
[Site "?"]
[Date "2006.??.??"]
[Round "?"]
[White "Benes, Jiri"]
[Black "Martin, Petr"]
[Result "1-0"]
[WhiteElo "1720"]
[BlackElo "1793"]
[PlyCount "74"]
[EventDate "2006.??.??"]
[EventType "corr"]
[SourceDate "2006.08.10"]

1. c4 Nf6 2. d4 g6 3. Nc3 Bg7 4. Nf3 O-O 5. e4 d6 6. Be2 Nbd7 7. O-O e5 8. dxe5
dxe5 9. Qc2 c6 10. Rd1 Qc7 11. b3 Nc5 12. Ba3 Nfd7 13. Na4 Nxa4 14. Bxf8 Bxf8
15. bxa4 Nc5 16. Rab1 f5 17. Nd2 fxe4 18. Ra1 Bf5 19. g4 Be6 20. Nxe4 Nxe4 21.
Qxe4 Bc5 22. Rd3 Rf8 23. Rf3 Bd4 24. Rxf8+ Kxf8 25. Rb1 Qf7 26. Qf3 b6 27.
Qxf7+ Kxf7 28. a5 Kf6 29. Kg2 b5 30. cxb5 cxb5 31. Rxb5 Bxa2 32. Bf3 Bc4 33.
Rb7 h6 34. h4 Bd3 35. Bd5 e4 36. Rd7 e3 37. f4 Be4+ 1-0

[Event "MCR_KT24"]
[Site "?"]
[Date "2006.??.??"]
[Round "?"]
[White "Vins, Karel"]
[Black "Martin, Petr"]
[Result "0-1"]
[WhiteElo "1684"]
[BlackElo "1793"]
[PlyCount "82"]
[EventDate "2006.??.??"]
[EventType "corr"]
[SourceDate "2006.08.10"]

1. e4 d6 2. d4 Nf6 3. Nc3 g6 4. Nf3 Bg7 5. Be2 O-O 6. O-O Nbd7 7. Be3 e5 8.
dxe5 dxe5 9. h3 c6 10. Bd3 Qc7 11. Nd2 Nh5 12. g4 Nf4 13. Kh2 Qd8 14. Nf3 h5
15. g5 Nb6 16. Bxf4 exf4 17. Rb1 Kh7 18. Ne2 Qc7 19. c3 f6 20. h4 fxg5 21.
Nxg5+ Kh8 22. f3 Bh6 23. Rg1 Nd7 24. Nd4 Ne5 25. Qf1 Rf6 26. Be2 Bd7 27. Rd1 a6
28. Kh1 Rd6 29. Qf2 Rd8 30. b4 c5 31. bxc5 Qxc5 32. Qe1 Re8 33. Ra1 Bg7 34. Rc1
Re7 35. Bd1 Nd3 36. Nb3 Qc7 37. Qd2 Nxc1 38. Qxc1 Rd3 39. c4 Ba4 40. Be2 Rc3
41. Bd1 Rxc1 0-1

[Event "MCR_KT24"]
[Site "?"]
[Date "2006.??.??"]
[Round "?"]
[White "Zachoval, Milan"]
[Black "Benes, Jiri"]
[Result "1/2-1/2"]
[WhiteElo "1600"]
[BlackElo "1720"]
[PlyCount "56"]
[EventDate "2006.??.??"]
[EventType "corr"]
[SourceDate "2006.08.10"]

1. e4 e5 2. Nf3 Nc6 3. Bb5 Nf6 4. O-O Nxe4 5. d4 Be7 6. Qe2 Nd6 7. Bxc6 bxc6 8.
dxe5 Nb7 9. Nc3 O-O 10. Re1 Nc5 11. Be3 Ne6 12. Rad1 d5 13. exd6 cxd6 14. Nd4
Nxd4 15. Bxd4 Re8 16. Qf3 d5 17. Ne2 Bb4 18. c3 Bd6 19. Ng3 Rxe1+ 20. Rxe1 Bf8
21. Qe3 a5 22. b3 Qd6 23. Qe5 Qxe5 24. Bxe5 a4 25. b4 f6 26. Bd4 Kf7 27. a3 Ba6
28. f4 g6 1/2-1/2

[Event "MCR_KT24"]
[Site "?"]
[Date "2006.??.??"]
[Round "?"]
[White "Benes, Jiri"]
[Black "Latal, Frantisek"]
[Result "1/2-1/2"]
[WhiteElo "1720"]
[BlackElo "2080"]
[PlyCount "96"]
[EventDate "2006.??.??"]
[EventType "corr"]
[SourceDate "2006.08.10"]

1. c4 e6 2. d4 Nf6 3. Nc3 c5 4. d5 exd5 5. cxd5 d6 6. e4 g6 7. f3 Bg7 8. Bd3
Nh5 9. Nge2 O-O 10. O-O Nd7 11. Be3 Ne5 12. a3 f5 13. b4 fxe4 14. Bxe4 Nc4 15.
Bf2 b6 16. Qc1 Rb8 17. Rb1 Bd7 18. a4 Nf6 19. Re1 Nxe4 20. Nxe4 Ne5 21. Qc2 Qe7
22. N2c3 cxb4 23. Nb5 Bxb5 24. axb5 Rbc8 25. Qd1 Rc4 26. Rb3 Bh6 27. Qa1 Bf4
28. Kh1 Rc2 29. Qd4 Rc4 30. Qa1 Qc7 31. Qb1 Rc2 32. Bg3 Bxg3 33. hxg3 Rc4 34.
Rd1 Qg7 35. Kg1 Qh6 36. Nxd6 Rc3 37. Rxc3 bxc3 38. Qc1 c2 39. Re1 Qxc1 40. Rxc1
Rd8 41. Ne4 Rc8 42. d6 Kf8 43. f4 Nd7 44. Kf1 Rc4 45. Nd2 Rc3 46. Ne4 Rc8 47.
Ke2 Nc5 48. Rxc2 Re8 1/2-1/2

[Event "MCR_KT24"]
[Site "?"]
[Date "2006.??.??"]
[Round "?"]
[White "Latal, Frantisek"]
[Black "Zachoval, Milan"]
[Result "1-0"]
[WhiteElo "2080"]
[BlackElo "1600"]
[PlyCount "99"]
[EventDate "2006.??.??"]
[EventType "corr"]
[SourceDate "2006.08.10"]

1. Nf3 d5 2. g3 Nf6 3. Bg2 e6 4. d4 Be7 5. O-O O-O 6. Bf4 c5 7. c3 Nc6 8. Nbd2
Qb6 9. Qb3 Qxb3 10. axb3 cxd4 11. cxd4 Bd7 12. Rfc1 Rfc8 13. h4 a6 14. Rc3 Bb4
15. Rcc1 h6 16. Ra4 a5 17. Raa1 Nh5 18. Be3 f5 19. Nb1 Nf6 20. Nc3 Ne4 21. Bf4
Kh7 22. Na4 Ra6 23. e3 Ra7 24. Nb6 Rd8 25. Bc7 Raa8 26. Nxa8 Rxa8 27. Ne5 Nxe5
28. Bxe5 Bc6 29. Bf3 g6 30. Kg2 g5 31. hxg5 Nxg5 32. Be2 Rg8 33. Rh1 Nf7 34.
Bc7 Ng5 35. Bxa5 Bd6 36. Bd3 Ne4 37. Be1 Rg7 38. Ra8 b6 39. Ra6 Bc7 40. Bb4 Bb7
41. Raa1 Kg6 42. Bf8 Rh7 43. Ra7 Nd6 44. g4 Bb8 45. Raa1 Ne4 46. f3 Ng5 47. Bb5
Nf7 48. Be8 fxg4 49. fxg4 e5 50. Raf1 1-0

[Event "MCR_KT24"]
[Site "?"]
[Date "2006.??.??"]
[Round "?"]
[White "Martin, Petr"]
[Black "Vins, Karel"]
[Result "1-0"]
[WhiteElo "1793"]
[BlackElo "1684"]
[PlyCount "85"]
[EventDate "2006.??.??"]
[EventType "corr"]
[SourceDate "2006.08.10"]

1. c4 e5 2. Nf3 Nc6 3. d4 exd4 4. Nxd4 Nxd4 5. Qxd4 Qf6 6. Qe4+ Qe6 7. Nc3 Qxe4
8. Nxe4 Bb4+ 9. Bd2 Bxd2+ 10. Kxd2 d6 11. e3 Ne7 12. Bd3 Be6 13. Ng5 Bf5 14. e4
Be6 15. f4 h6 16. Nxe6 fxe6 17. Rhf1 Rf8 18. Ke3 O-O-O 19. Rf2 Rf6 20. Raf1
Rdf8 21. g4 g5 22. f5 e5 23. Rh1 Ng6 24. Rc2 Ne7 25. c5 b6 26. Rhc1 c6 27. cxb6
axb6 28. Bc4 Kc7 29. Be6 c5 30. Rh1 Ng6 31. b4 Nf4 32. Bb3 Rd8 33. h4 Kc6 34.
hxg5 hxg5 35. Rh7 Rd7 36. Ba4+ b5 37. Bxb5+ Kxb5 38. Rxd7 c4 39. a3 Nd3 40. Rc7
Nxb4 41. axb4 Kxb4 42. R2xc4+ Kb5 43. Rc1 1-0